| 000 | 00539nam a22001817a 4500 | ||
|---|---|---|---|
| 005 | 20251108164346.0 | ||
| 008 | 250721s1985 xx 000 0 ara d | ||
| 082 | 1 | 4 | _a398.809565/ناي |
| 100 | 1 | _aأبو عبيد، نايف | |
| 245 | 1 | 0 |
_aو قال الراوي : _bشعر شعبي / |
| 264 | 1 |
_aعمان : _bدار ابن رشد للنشر و التوزيع، _c1985. |
|
| 300 | _a51ص | ||
| 650 | 1 | 7 | _aالشعر العربي |
| 650 | 1 | 7 | _aالشعر النبطي |
| 650 | 1 | 7 | _aالأردن |
| 942 |
_2ddc _cBK |
||
| 999 |
_c10215 _d10215 |
||